Catalog

Record Details

Catalog Search



We know you remember / Tove Alsterdal ; English ... Read More

Menzies, Alice,(translator.).
Series: High coast ; 1

Available copies

  • 2 of 2 copies available at LARL/NWRL Consortium.
  • 1 of 1 copy available at Northwest Regional Library. (Show preferred library)

Current holds

0 current holds with 2 total copies.

Show Only Available Copies
Location Call Number / Copy Notes Barcode Shelving Location Status Due Date
Thief River Falls Public Library ALS (Text) 35500006520090 Main Available -
Detroit Lakes Public Library M ALS (Text) 33500014240634 Main Available -

Record details

  • ISBN: 9780063115071
  • ISBN: 9780063115064
  • ISBN: 0063115069
  • Physical Description: 356 pages ; 24 cm
  • Edition: First edition.
  • Publisher: New York, NY : Harper, an imprint of HarperCollinsPublishers, [2021]

Content descriptions

General Note:
"Originally published as Rotvalta in Sweden in 2020 by Lind & Co."--Title page verso.
Summary, etc.:
"It's been more than twenty years since Olof ... Read More
Subject: Murder > Investigation > Fiction.
Police > Sweden > Fiction.
Juvenile delinquents > Fiction.
Alternatives to imprisonment > Fiction.
Reformatories > Fiction.
Homecoming > Fiction.
Murder > Fiction.
FICTION / Thrillers / Crime.
FICTION / Mystery & Detective / International Crime & Mystery.
FICTION / Psychological.
Genre: Psychological fiction.
Thrillers (Fiction)
Novels.
Detective and mystery fiction.
LDR 02927cam a2200565Ii 4500
001372370
003LARL_NWRL_CONSORTIUM
00520211005171804.0
008210102t20212021nyu e 000 1 eng d
010 . ‡a 2021023137
020 . ‡a9780063115071
040 . ‡aYDX ‡beng ‡erda ‡cYDX ‡dAZZPT ‡dCNNWP ‡dPX0 ‡dOCLCO ‡dTCH ‡dGL4
019 . ‡a1268220258
020 . ‡a9780063115064 ‡q(hardcover)
020 . ‡a0063115069 ‡q(hardcover)
035 . ‡a(OCoLC)1228637938 ‡z(OCoLC)1268220258
0411 . ‡aeng ‡hswe
043 . ‡ae-sw---
08204. ‡a839.73/8 ‡223
1001 . ‡aAlsterdal, Tove, ‡d1960- ‡eauthor.
24010. ‡aRotvälta. ‡lEnglish
24510. ‡aWe know you remember / ‡cTove Alsterdal ; English translation by Alice Menzies.
250 . ‡aFirst edition.
264 1. ‡aNew York, NY : ‡bHarper, an imprint of HarperCollinsPublishers, ‡c[2021]
300 . ‡a356 pages ; ‡c24 cm
336 . ‡atext ‡btxt ‡2rdacontent
337 . ‡aunmediated ‡bn ‡2rdamedia
338 . ‡avolume ‡bnc ‡2rdacarrier
4900 . ‡aHigh coast ; ‡v1
500 . ‡a"Originally published as Rotvalta in Sweden in 2020 by Lind & Co."--Title page verso.
520 . ‡a"It's been more than twenty years since Olof Hagström left home. Returning to his family's house, he knows instantly that something is amiss. The front door key, hidden under a familiar stone, is still there. Inside, there's a panicked dog, a terrible stench, water pooling on the floor. Upstairs in the shower, the father Olaf has not seen or spoken to in decades is dead. For police detective Eira Sjödin, the investigation of this suspicious death resurrects long-forgotten nightmares. She was only nine when Olof Hagström, then fourteen, was found guilty of raping and murdering a local girl. The case left a mark on the town's collective memory, a wound that never quite healed, and tinged Eira's childhood with fear. Too young to be sentenced, Olof was sent to a youth home and exiled from his family. He was never seen in the town again. Until now."--Dust jacket flap.
650 0. ‡aMurder ‡xInvestigation ‡vFiction. ‡0(LARL_NWRL_CONSORTIUM)166203
650 0. ‡aPolice ‡zSweden ‡vFiction.
650 0. ‡aJuvenile delinquents ‡vFiction. ‡0(LARL_NWRL_CONSORTIUM)172656
650 0. ‡aAlternatives to imprisonment ‡vFiction.
650 0. ‡aReformatories ‡vFiction.
650 0. ‡aHomecoming ‡vFiction.
650 0. ‡aMurder ‡vFiction. ‡0(LARL_NWRL_CONSORTIUM)165989
650 7. ‡aFICTION / Thrillers / Crime. ‡2bisacsh
650 7. ‡aFICTION / Mystery & Detective / International Crime & Mystery. ‡2bisacsh
650 7. ‡aFICTION / Psychological. ‡2bisacsh
655 7. ‡aPsychological fiction. ‡2lcgft
655 7. ‡aThrillers (Fiction) ‡2lcgft
655 7. ‡aNovels. ‡2lcgft
655 7. ‡aDetective and mystery fiction. ‡2lcgft
7001 . ‡aMenzies, Alice, ‡etranslator.
901 . ‡a372370 ‡bOCoLC ‡c372370 ‡tbiblio ‡soclc

Additional Resources